Clash of Clans townhalls by number - Statistics

General Stats
  • This quiz has been taken 996 times
  • The average score is 11 of 16
Answer Stats
Picture Answer % Correct
2
93%
5
91%
1
90%
11
90%
14
87%
16
86%
8
86%
9
83%
4
72%
12
62%
3
59%
15
45%
6
42%
7
38%
10
33%
13
27%
No matching quizzes found
Score Distribution
Percent of People with Each Score
Percentile by Number Answered
Your Score History
You have not taken this quiz